Consoles de jeux vidéo par images - Statistiques

Statistiques générales
  • Ce quiz a été pris 2 361 fois
    2 351 depuis la dernière actualisation
  • Le résultat moyen est 13 sur 18
Statistiques - réponses
Par images Réponse % Correct
Xbox
96%
PlayStation
95%
Switch
93%
Nintendo DS
92%
Nintendo Wii
90%
PlayStation 4
88%
Game Boy
87%
GameCube
82%
Xbox 360
82%
PSP
76%
NES
68%
Nintendo 64
67%
Atari 2600
57%
Super Nintendo
53%
Game Boy Advance
50%
Dreamcast
36%
Sega Saturn
33%
Game Gear
23%
Aucun quiz correspondant
Distribution des résultats
% des personnes avec chaque résultat
Percentile par nombre de réponses
Votre historique - résultats
Vous n’avez pas pris ce quiz depuis la dernière actualisation